000 00267nam a2200109Ia 4500
008 190907s9999||||xx |||||||||||||| ||und||
100 _aBerkley Rouse
245 4 _aThe Craft of Public administration
260 _aUSA
_bMcGraw-Hill
_c1991
300 _a437
942 _cBK
999 _c6319
_d6319